000 00216nam a22000857a 4500
008 161129b xxu||||| |||| 00| 0 eng d
100 _91557
_aBhat,R.L
245 _aSocial Science-VII
260 _aNew Delhi
_bHoly faith
_c2007
999 _c4287
_d4287